| 000 | 00514nam a2200157Ia 4500 | ||
|---|---|---|---|
| 008 | 210210b1983 xxu||||| |||| 00| 0 eng d | ||
| 082 | _a796.8155 PEIW | ||
| 100 | _aPEISHENG (Wang) and WEIQI (Zeng). | ||
| 245 | _aWu style taijiquan: a detailed course for health and self-defence and teachings of three famous masters in beijing. Ed 1. | ||
| 250 | _a | ||
| 260 |
_aHong Kong. _bHaifeeng publishing co., _c1983 |
||
| 300 | _a234 | ||
| 650 | _aTaijiquan | ||
| 690 | _aAthletic & Outdoor Sports | ||
| 906 | _a042520 | ||
| 999 |
_c92153 _d92153 |
||